Which Saharan Country… - Statistics

General Stats
  • This quiz has been taken 7 times
  • The average score is 17 of 24
Answer Stats
Hint Answer % Correct
…is the largest country in Africa and over 80% desert? Algeria
100%
…is home to over 118 million people and has the highest population in the Arab world? Egypt
100%
…worshipped cats thousands of years ago? Egypt
100%
…had its dictator executed with his own golden handgun in 2011? Libya
100%
…is Timbuktu located? Mali
100%
…is where the White Nile meets the Blue Nile? Sudan
100%
…is where the city of Carthage once stood? Tunisia
100%
…is not recognized by the UN? Western Sahara
100%
…gained independence from France in 1962 following a brutal war? Algeria
86%
…has the largest city in Africa as of 2026? Egypt
86%
…was a former Italian colony? Libya
86%
…is the setting for the 1942 film Casablanca? Morocco
86%
…has the most pyramids of any country in the world? Sudan
86%
…was the primary filming location of Tatooine in Star Wars? Tunisia
86%
…is named after its major lake, the second-largest lake in all of Africa? Chad
71%
…has the world’s largest mud-brick structure, the Mosque of Djenne? Mali
71%
…was the last country in the world to formally abolish slavery in 1981, and did not start enforcing the ban until 2007? Mauritania
71%
…replaced French with Hausa as its official language in 2025? Niger
57%
…is known as Misr in its own official language? Egypt
29%
…was once a Spanish colony known as the Spanish Sahara? Western Sahara
29%
…were clementines first discovered in during the late 19th century? Algeria
14%
…was the site of the discovery of a 7 million year old hominid skull, the oldest ever found? Chad
0%
…is the world’s largest producer of phosphate? Morocco
0%
…is the world’s largest producer of gum arabic? Sudan
0%
No matching quizzes found
Score Distribution
Percent of People with Each Score
Percentile by Number Answered
Your Score History
You have not taken this quiz